书目信息 |
| 题名: |
管理运筹学及智能方法
|
|
| 作者: | 诸克军 主编 | |
| 分册: | ||
| 出版信息: | 北京 清华大学出版社 2013 |
|
| 页数: | 373页 | |
| 开本: | 26cm | |
| 丛书名: | ||
| 单 册: | ||
| 中图分类: | C931.1 | |
| 科图分类: | ||
| 主题词: | 管理学--运筹学--高等学校--教材 | |
| 电子资源: | ||
| ISBN: | 978-7-302-32108-8 | |
| 000 | 00780nam0 2200229 450 | |
| 001 | 338777 | |
| 005 | 20150603151135.87 | |
| 010 | @a978-7-302-32108-8@dCNY38.00 | |
| 100 | @a20130620d2013 em y0chiy50 ea | |
| 101 | 0 | @achi |
| 102 | @aCN@b110000 | |
| 105 | @ay z 000yy | |
| 106 | @ar | |
| 200 | 1 | @a管理运筹学及智能方法@Aguan li yun chou xue ji zhi neng fang fa@f诸克军主编 |
| 210 | @a北京@c清华大学出版社@d2013 | |
| 215 | @a373页@d26cm | |
| 330 | @a本书分为十一章, 内容包括线性规划、非线性规划、动态规划、多目标规划、排队论、博弈论、禁忌搜索算法、遗传算法、模拟退火算法、人工神经网络等。 | |
| 606 | 0 | @a管理学@x运筹学@x高等学校@j教材 |
| 690 | @aC931.1@v5 | |
| 701 | 0 | @a诸克军@Azhu ke jun@f(1953.10)@4主编 |
| 801 | 0 | @aCN@b卓展宏图@c20150525 |
| 905 | @dC931.1@e509@f5 | |
| 管理运筹学及智能方法/诸克军主编.-北京:清华大学出版社,2013 |
| 373页;26cm |
| ISBN 978-7-302-32108-8:CNY38.00 |
| 本书分为十一章, 内容包括线性规划、非线性规划、动态规划、多目标规划、排队论、博弈论、禁忌搜索算法、遗传算法、模拟退火算法、人工神经网络等。 |
| ● |
| 相关链接 |
|
|
|
|
正题名:管理运筹学及智能方法
索取号:C931.1/509
 
预约/预借
| 序号 | 登录号 | 条形码 | 馆藏地/架位号 | 状态 | 备注 |
| 1 | 860483 | 208604839 | 第一样本阅览室/ [索取号:C931.1/509] | 在馆 | |
| 2 | 860484 | 208604848 | 第一借阅区/ [索取号:C931.1/509] | 在馆 | |
| 3 | 860485 | 208604857 | 第一借阅区/ [索取号:C931.1/509] | 在馆 | |
| 4 | 860486 | 208604866 | 第一借阅区/ [索取号:C931.1/509] | 在馆 | |
| 5 | 860487 | 208604875 | 第一借阅区/ [索取号:C931.1/509] | 在馆 |